Dřevěná schodiště : Konstrukce,návrh,příklady realizací

Enregistré dans:
Détails bibliographiques
Auteurs principaux: Baus, Ursula (Auteur), Siegele, Klaus (Auteur)
Format: Livre
Langue:tchèque
Publié: Brno : ERA group , 2006
Édition:2.vyd.
Tags: Ajouter un tag
Pas de tags, Soyez le premier à ajouter un tag!

MARC

LEADER 00000nam a22000003a 4500
001 stu154717
005 20150617225947.4
008 080110s2006----xr------------------cze-d
020 |a 80-7366-067-9 
040 |a STU  |b slo 
041 0 |a cze 
044 |a xr 
080 |a 69.026:674-4 
100 1 |a Baus, Ursula  |4 aut 
245 1 |a Dřevěná schodiště :  |b Konstrukce,návrh,příklady realizací 
250 |a 2.vyd. 
260 |a Brno :  |b ERA group ,  |c 2006 
300 |a 112 s 
500 |a prel. z nemeckého orig. 
700 1 |a Siegele, Klaus  |4 aut 
996 |b 284V030566  |c V*49627/O-21987  |l VVS  |s A  |a 24  |w stu154717_0001 
996 |b 284V030486  |c V*49667/O-22020  |l VVT  |s A  |a 24  |w stu154717_0002